000 00276nam a2200121Ia 4500
008 190216s9999||||xx |||||||||||||| ||und||
100 _aBernard S Meyer
245 0 _aPlant Physiology
260 _bD -van Nostrand Co.
_c1952
300 _a784p
650 _aBotany
942 _cBK
999 _c1133
_d1133